00515nam a22002177a 4500003000400000020001800004082001900022100001500041245002500056250001300081260003500094300001000129534000900139546001200148650003200160650001500192650001100207650003400218650001700252650002800269OSt a9788183601153 aCE 635bGUP/HO aGupta, S N aInstant horticulture a15, rev. aNew DelhibJain Brothersc2018 a344p. n2005 aEnglish aFruits and plantation crops aVegetables aSpices aMedicinal and aromatic plants aFloriculture aPost harvest technology